000 00792nam a2200217 a 4500
008 090319s2002 ||||||||||||||||| || u
020 _a1555582532
022 _a1555582532
050 _aQA 76.76.O63 Mau
100 _aMauler, Gary
245 1 0 _aClustering windows servers: a road map for Enterprise solutions
_cGary Mauler and Milton Beebe
260 _aBoston
_bDigital Press
_c2002
300 _axix, 300p.: ill.
350 _a0.00
650 _aCOMPUTERS
650 _aCLIENT/SERVER COMPUTING
650 _aMICROSOFT WINDOWS NT
650 _aOPERATING SYSTEMS (COMPUTERS)
700 _aBeebe, Milton
995 _D0.00
_FCBU-MAIN LIBRARY (Kitwe)
_H1
_I0.00
_M1
_UAVAILABLE
_WApr 17, 2009
_ZMain Library Open Access Collection
999 _c37621
_d37621